| 000 | 01198nam a2200265 a 4500 | ||
|---|---|---|---|
| 001 | 000004527 | ||
| 005 | 20240305125740.0 | ||
| 008 | 090723t2007 dr 001 0 spa d | ||
| 020 | _a9789945427233 | ||
| 040 |
_aDO-SdBNP _bspa _cBNPHU |
||
| 082 |
_a320.97293054 _bH552t |
||
| 100 | 1 |
_aHamlet, Hermann, _d1934-2016 _936649 |
|
| 245 | 1 | 0 |
_aTransición " made in USA" : _bgobiernos provisionales, herencia de las ocupaciones militares / _cHamlet Hermann. |
| 260 |
_aSanto Domingo : _bNacional, _c2007. |
||
| 300 |
_a221 p. ; _c23 cm. |
||
| 500 | _aIncluye datos biográficos del autor en las solapas. | ||
| 500 | _aIncluye referencias bibliográficas y notas al pie de páginas. | ||
| 586 | _aPremio Anual de Ensayo Pedro Henrríquez Ureña, modalidad: Ensayo sociopolítico, 2007. | ||
| 590 | _aInventariado, 2018/LP | ||
| 651 | 4 |
_aRepública Dominicana _xPolítica Y Gobierno _xEnsayos, Conferencias, Etc. _91167 |
|
| 651 | 4 |
_aRepública Dominicana _xHistoria _yREVOLUCIÓN, 1965 _92167 |
|
| 651 | 4 |
_aRepública Dominicana _xRelaciones Exteriores _zEstados Unidos _96308 |
|
| 651 | 4 |
_aEstados Unidos _xRelaciones Exteriores _zRepública Dominicana _96309 |
|
| 910 | _aValidado. Control de calidad EMS. | ||
| 999 |
_c4336 _d4336 |
||